000 00424nam a2200181Ia 4500
001 13325
005 20260306164753.0
008 260306t1996||||xx |||||||||||||| ||spa||
041 _aESP
082 _a004.42
_bS12
100 _aSabino, Carlos A.
_eAUT
245 0 _aEl proceso de investigación
260 _c1996
300 _a239 pƔginas :
_c22 cm.
650 _aGEN
654 _aCCC
942 _cLIB
_dJUS
_fJUS
_2ddc
_n
999 _c13325
_d13325